banner koha

Heliotropium L. (Boraginaceae – Heliotropioideae) de Pernambuco, Nordeste do Brasil (Registro n. 327988)

MARC details
000 -LÍDER
fixed length control field 02557nab a2200265 i 4500
003 - CÓDIGO MARC DA AGÊNCIA CATALOGADORA
Campo de controle BR-BrBNA
005 - DATA E HORA DA ÚLTIMA ATUALIZAÇÃO
Campo de controle 20241008111804.0
008 - CAMPO DE TAMANHO FIXO
fixed length control field 241008b2004 bl.qr|pooa||| 00| 0 por |
040 ## - FONTE DA CATALOGAÇÃO
Agência catalogadora BR-BrBNA
Idioma da catalogação por
072 ## - CATEGORIA AGRIS
Código AGRIS F70
100 ## - ENTRADA PRINCIPAL - NOME PESSOAL
Nome pessoal Melo, José Iranildo Miranda de
100 ## - ENTRADA PRINCIPAL - NOME PESSOAL
Nome pessoal Sales, Margareth Ferreira de
245 ## - TÍTULO PRINCIPAL
Título principal Heliotropium L. (Boraginaceae – Heliotropioideae) de Pernambuco, Nordeste do Brasil
500 ## - NOTA GERAL
Nota geral Publicação on-line; 39 ref.; 59 illus.; Summaries (En, Pt)
942 ## - ADDED ENTRY ELEMENTS (KOHA)
Koha item type Analítica
520 ## - NOTA DE RESUMO
Nota de conteúdo <br/><br/>RESUMO<br/><br/>Foi realizado o estudo taxonômico do gênero Heliotropium L. no estado de Pernambuco, utilizando-se <br/>espécimes coletados em campo por um período de 16 meses, além de materiais de empréstimo e/ou <br/>doação provenientes de vários herbários nacionais. Verificou-se a ocorrência desete taxa: H. angiospermum Murray, <br/>H. curassavicum L., H. elongatum (Lehm.) I.M. Johnst., H. indicum L., H. polyphyllum Lehm., H. procumbens Mill e <br/>H. ternatum. H. curassavicum e H. ternatum Vahl constituem nova referência para o Nordeste e Pernambuco, Brasil,<br/>respectivamente. As espécies mais amplamente distribuídas são H. angiospermum, H. elongatum<br/>e H. procumbens, ocorrendo desde a zona do litoral até a zona das caatingas.<br/><br/>Palavras-chave: Heliotropium, Boraginaceae, taxonomia, Nordeste, Brasil
520 ## - NOTA DE RESUMO
Nota de conteúdo <br/><br/>ABSTRACT<br/><br/>A taxonomic study of the genus Heliotropium L. in the State of Pernambuco was carried<br/>out. The survey was based on field studies during 16 months and material provided by loan and<br/>donation from different brazilian herbaria. Seven species were recorded: H. angiospermum Murray,<br/>H. curassavicum L., H. elongatum (Lehm.) I.M. Johnst., H. indicum L., H. polyphyllum Lehm.,<br/>H. procumbens Mill. and H. ternatum Vahl. H. curassavicum and H. ternatum represent new<br/>geographical occurrences from Northeastern and State of Pernambuco, Brazil, respectively. The<br/>species most widely distributed were H. angiospermum, H. elongatum and H. procumbens,<br/>occurring both since litoral to caatinga´s zone.<br/><br/>Key-words: Heliotropium, Boraginaceae, taxonomy, Northeastern, Brazil
650 ## - ASSUNTO - THESAGRO
Cabeçalho tópico ou nome geográfico BORAGINACEAE
650 ## - ASSUNTO - THESAGRO
Cabeçalho tópico ou nome geográfico TAXONOMIA
650 ## - ASSUNTO - THESAGRO
Cabeçalho tópico ou nome geográfico NORDESTE
650 ## - ASSUNTO - THESAGRO
Cabeçalho tópico ou nome geográfico BRASIL
773 0# - ENTRADA ANALÍTICA
Host Biblionumber 709
Registro do item 345133
Imprenta Rio de Janeiro-RJ Jardim Botanico do Rio de Janeiro 1935
Outro identificador 2024-5590
Título Rodriguésia (Brazil)
ISSN 0370-6583; 2175-7860 on-line
Colação v. 55(84) p. 65-87; (2004)
Número de controle de registro BR2024003212
856 ## - ACESSO E ENDEREÇO ELETRÔNICO
Identificador uniforme de recurso - URI https://www.scielo.br/j/rod/a/bgFpTdFXxRDrgQRphH96qGk/?format=pdf&lang=pt

Nenhum exemplar disponível.

BINAGRI

Telefone: (61)3218-2567/2388/3357/2097 - binagri@agro.gov.br

Ministério da Agricultura e Pecuária , Esplanada dos Ministérios, Bloco D, Anexo B, Brasília/DF, CEP: 70.043-900